000 02142nam a2200301 i 4500
003 DO-SdBNP
005 20250611073819.0
007 ta
008 240815s2023 dr d 000 j spa d
020 _a9789945644579
040 _aDO-SdBNP
_bspa
_cBNPHU
_erda
082 4 _222
_bR426m
110 1 _aRepública Dominicana.
_bMinisterio de Salud Pública
_980830
245 1 0 _aManual de procedimientos para el abordaje clínico y programático de la tuberculosis /
264 1 _aSanto Domingo :
_bMspas,
_c2023.
300 _a102 páginas,
_bgrafícas
_c22 cm.
336 _2rdacontent
_atexto
_btxt
337 _2rdamedia
_asin mediación
_bn
338 _2rdacarrier
_avolumen
_bnc
500 _aLibro en espiral.
504 _aBibliografía p: 79-81.
520 _aLa tuberculosis es un problema prioritario de salud pública; por lo que el Ministerio de Salud Pública y Asistencia Social, en su rol de rectoría, diseña las estrategias e intervenciones para su prevención y control. Estas estrategias e intervenciones están incluidas en el Plan Decenal de Salud, la Estrategia Nacional de Desarrollo y los Objetivos de Desarrollo Sostenible (ODS) y la Estrategia Fin de la Tuberculosis. El país se encuentra entre los 12 países de la Región de Las Américas que presentan las tasas más altas estimadas de TB por la Organización Mundial de la Salud. Se estima una prevalencia de 73/100,000 habitantes y una incidencia de 60/100,000 habitantes. En República Dominicana, el control de la tuberculosis se suscribe y articula en el reconocimiento de la dignidad de las personas, sus derechos universales y la búsqueda de la liberación de sus capacidades para alcanzar la realización plena (1). El Ministerio de Salud Pública y Asistencia Social como ente rector es responsable de conducir la respuesta nacional a la tuberculosis y establece los procedimientos para el abordaje programático de la tuberculosis.
590 _aInventariado, 2024/ YL
650 4 _aTuberculosis
_xPrevención y control
_979001
710 1 _aMinisterio de Salud Pública y Asistencia Social
_986348
910 _aYLockward
942 _2ddc
_cLBS1
999 _c57472
_d57472